00543cam a2200157Ma 4500020002500000020002200025040001000047082002600057100002000083245006200103260007600165300003800241700002100279700002400300710006100324 a9789251068786 (pbk.) a925106878X (pbk.) cUKMGB a338 FOO 2011 A016 Or.1 aKjohl, Mariken.10aPotential effects of climate change on crop pollination / aRome :bFood and Agriculture Organization of the United Nations,c2011. avii, 38 p. :bcol. ill. ;c25 cm.1 aNielsen, Anders.1 aStenseth, Nils Chr.2 aFood and Agriculture Organization of the United Nations.